[Event "Xeraco Region-ch Primera"]
[Site "Xeraco"]
[Date "2015.11.07"]
[Round "5.1"]
[White "Martinez Clari, Joan"]
[Black "Juan Clavier, Ruben"]
[Result "1-0"]
[WhiteElo "1877"]
[BlackElo "1667"]
[PlyCount "79"]
[EventDate "2015.10.03"]
[EventType "swiss"]
[EventRounds "7"]
[EventCountry "ESP"]
[SourceTitle "EXT 2024"]
[Source "ChessBase"]
[SourceDate "2023.10.10"]
[SourceVersion "1"]
[SourceVersionDate "2023.10.10"]
[SourceQuality "1"]

1. d4 d5 2. c4 c6 3. Nf3 Bf5 4. Nc3 e6 5. g3 Nf6 6. Bg2 dxc4 7. a4 Bb4 8. 0-0 Nbd7 9. Nd2 e5 10. Nxc4 exd4 11. Qxd4 Qe7 12. e4 Bc5 13. Qd3 Bg6 14. Bf4 0-0 15. Rad1 Rad8 16. Bc7 Rc8 17. Bd6 Bxd6 18. Qxd6 Rfe8 19. Bh3 Rcd8 20. Qxe7 Rxe7 21. e5 Ne4 22. f4 Nxc3 23. bxc3 Bc2 24. Rd2 Bxa4 25. Ra1 Bb5 26. Na5 Ba6 27. Rad1 Kf8 28. Rxd7 Rexd7 29. Rxd7 Rxd7 30. Bxd7 b6 31. Nxc6 Bb5 32. Kf2 g6 33. Ke3 a5 34. Kd2 Bc4 35. Kc2 a4 36. Kb2 Be6 37. Bxe6 fxe6 38. Ka3 Ke8 39. Kxa4 Kd7 40. Kb5 1-0

[Event "Provincial-ch Xeraco Segunda"]
[Site "Xeraco"]
[Date "2014.10.25"]
[Round "4.5"]
[White "Juan Clavier, Ruben"]
[Black "Ruiz Piera, Victor"]
[Result "1-0"]
[WhiteElo "1735"]
[BlackElo "1330"]
[PlyCount "59"]
[EventDate "2014.09.27"]
[EventType "swiss"]
[EventRounds "7"]
[EventCountry "ESP"]
[SourceTitle "EXT 2024"]
[Source "ChessBase"]
[SourceDate "2023.10.10"]
[SourceVersion "1"]
[SourceVersionDate "2023.10.10"]
[SourceQuality "1"]

1. e4 e5 2. Nf3 Nc6 3. Bb5 d6 4. c3 Bd7 5. d4 a6 6. Ba4 Nf6 7. 0-0 Nxe4 8. dxe5 Nxe5 9. Re1 Nf6 10. Rxe5+ dxe5 11. Nxe5 Bd6 12. Nxd7 Nxd7 13. Qg4 g6 14. Bh6 b5 15. Bb3 f5 16. Qd4 Qf6 17. Qd5 Nb6 18. Qc6+ Kd8 19. Bf4 g5 20. Bxd6 Qxd6 21. Qf3 Qf4 22. Qd3+ Ke7 23. Nd2 Rad8 24. Qe2+ Kf6 25. Qe6+ Kg7 26. Qf7+ Kh6 27. Qf6+ Kh5 28. Bf7+ Kg4 29. h3+ Kh4 30. Qh6# 1-0